00326pab a2200133 454500008004000000100002100040245005200061260000900113300001300122362001200135650001400147650001000161773002100171180718b2017 xxu||||| |||| 00| 0 eng d aPatnaik, Prabhat aCaste, community and belonging: the Indian case c2017 ap.73-79. aJan-Feb aCommunity aCaste aSocial Scientist